Birds in French - Statistics

General Stats
  • This quiz has been taken 78 times
    54 since last reset
  • The average score is 38 of 70
Answer Stats
Picture Hint Answer % Correct
Magpie Une pie
82%
Toucan Un toucan
82%
Duck Un canard
76%
Rooster (male) Un coq
76%
Raven Un corbeau
76%
Swan Un cygne
76%
Goose Une oie
76%
Hen (female) Une poule
76%
Falcon Un faucon
76%
Heron Un héron
76%
Owl (with ear tufts) Un hibou
76%
Pelican Un pélican
76%
Woodpecker Un pic
76%
Pigeon Un pigeon
76%
Condor Un condor
71%
Cuckoo Un coucou
71%
Ostrich Une autruche
71%
Turkey Une dinde
71%
Blue tit Une mésange bleu
71%
Gull (black headed) Une mouette
71%
Gull (common) Un goéland
71%
Parrot Un perroquet
71%
Chicken Un poulet
71%
Vulture Un vautour
71%
Owl (no ear tufts) Une chouette
65%
Stork Une cigogne
65%
Crow Une corneille
65%
Flamingo Un flamant rose
65%
Kiwi Un kiwi
65%
Penguin Un manchot
65%
Canary Un canari
59%
Blackbird Un merle
59%
Sparrow Un moineau
59%
Peacock Un paon
59%
Robin Un rouge-gorge
59%
Wren Un troglodyte
59%
Macaw Un ara
53%
Hummingbird Un colibri
53%
Dove Une colombe
53%
Kingfisher Un martin-pêcheur
53%
Nightingale Un rossignol
53%
Buzzard Une buse
47%
Great tit Une mésange charbonnière
47%
Starling Un étourneau
47%
Pheasant Un faisan
47%
Bullfinch Un bouvreuil
41%
Cockatoo Un cacatoès
41%
Quail Une caille
41%
Chaffinch Un pinson
41%
Greenfinch Un verdier
41%
bald eagle Un aigle à tête blanche
35%
Golden eagle Un aigle royale
35%
Goldfinch Un chardonneret
35%
Jackdaw Un choucas
35%
Thrush Une grive
35%
Puffin Un macareux
35%
Albatross Un albatross
29%
Duckling Un caneton
29%
Cockatiel Une calopsitte
29%
A kestrel Une crécerelle
29%
Emu Un émeu
29%
Budgie Une perruche
29%
Sparrowhawk Un épervier
29%
Gosling Un oison
29%
Chick Un poussin
29%
Jay Un geai
24%
Blue jay Un geai bleu
24%
Auk Un pingouin
24%
Grouse Une grouse
18%
Razorbill Un petit pingouin
18%
No matching quizzes found
Score Distribution
Percent of People with Each Score
Percentile by Number Answered
Your Score History
You have not taken this quiz since the last reset